| 000 | 00964nac a22002771i 4500 | ||
|---|---|---|---|
| 003 | EG-ScBUE | ||
| 005 | 20260330101528.0 | ||
| 008 | 260315t1979 kyua f b 001 0 eng d | ||
| 020 | _a0813113768 | ||
| 040 |
_aEG-ScBUE _beng _erda _cEG-ScBUE _dEG-ScBUE |
||
| 082 | 0 | 4 |
_a584.324 _bRIL _222 |
| 100 | 1 |
_aRiley, Herbert Parkes, _d1904- _eauthor. |
|
| 245 | 1 | 4 |
_aThe Aloineae : _ba biosystematic survey / _cHerbert Parkes Riley, Shyamal K. Majumdar. |
| 264 | 1 |
_aLexington, Kentucky : _bThe University Press of Kentucky, _c[1979] |
|
| 264 | 4 | _cc1979 | |
| 300 |
_aix, 177 pages : _billustrations ; _c29 cm |
||
| 336 |
_2rdacontent _atext _btxt |
||
| 337 |
_aunmediated _2rdamedia _bn |
||
| 338 |
_avolume _bnc _2rdacarrier |
||
| 504 | _aIncludes bibliographical references and index. | ||
| 650 | 7 |
_aLiliaceae _xCytotaxonomy. _2BUEsh |
|
| 650 | 7 |
_aPlant cytotaxonomy. _2BUEsh |
|
| 655 | _vReading book | ||
| 700 | 1 |
_aMajumdar, Shyamal K., _d1938- _eauthor. |
|
| 942 |
_cBB _2ddc |
||
| 999 |
_c8527 _d8527 |
||